[Event "Dutch Open 2024"]
[Site "Velp, Netherlands"]
[Date "2024.07.24"]
[Round "2.24"]
[White "Van Kuijk, Vadim"]
[Black "Smit, Manuel"]
[Result "0-1"]
[WhiteElo "2131"]
[BlackElo "1969"]
[PlyCount "62"]
[[Date "2024.08.01"]]

1. e4 e5 2. Nf3 d5 3. exd5 e4 4. Nd4 Qxd5 5. Nb3 Nf6 6. Nc3 Qe5 7. Be2 Nc6 8.
O-O Bd6 9. g3 O-O 10. Re1 Re8 11. Bf3 Qf5 12. Bg2 Bd7 13. f3 exf3 14. Rf1 Qg6
15. Bxf3 Bxg3 16. hxg3 Qxg3+ 17. Kh1 Bh3 18. Ne2 Rxe2 19. Qxe2 Bxf1 20. Qxf1
Re8 21. Be2 Re4 22. Qg2 Qe1+ 23. Qf1 Qxe2 24. Qxe2 Rxe2 25. Kg1 Ng4 26. d4 Rxc2
27. Bf4 f5 28. Re1 Nb4 29. Re8+ Kf7 30. Rd8 Nf6 31. Nc5 b6 0-1

[Event "Dutch Open 2024"]
[Site "Velp, Netherlands"]
[Date "2024.07.24"]
[Round "2.25"]
[White "Schuricht, Emil Frederick"]
[Black "Op den Dries, Johan"]
[Result "1-0"]
[WhiteElo "1973"]
[BlackElo "2120"]
[PlyCount "125"]
[[Date "2024.08.01"]]

1. c4 Nc6 2. Nc3 e5 3. Nf3 f5 4. e3 e4 5. Nd4 Nxd4 6. exd4 Nf6 7. d3 Bb4 8. Bd2
O-O 9. dxe4 fxe4 10. Be2 c5 11. O-O d6 12. a3 Ba5 13. dxc5 dxc5 14. Nxe4 Nxe4
15. Bxa5 Qxa5 16. Qd5+ Rf7 17. Qxe4 Bf5 18. Qe5 Qb6 19. Bf3 Be6 20. Rfe1 Rf6
21. Rad1 Bxc4 22. Rd7 Rf7 23. Bd5 Bxd5 24. Qxd5 Qf6 25. Re2 g6 26. g3 Rb8 27.
h4 Qf5 28. Qxf5 gxf5 29. Ree7 Rxe7 30. Rxe7 a5 31. Kg2 b5 32. Rc7 c4 33. Kf1
Rd8 34. Rc5 Rd1+ 35. Ke2 Rb1 36. Rxb5 c3 37. Kd3 cxb2 38. Kc3 Rf1 39. Rxb2 Kg7
40. Kb3 f4 41. Ka4 Kg6 42. Kxa5 f3 43. a4 Kf5 44. Kb5 Re1 45. Rb4 Re5+ 46. Kc6
Re6+ 47. Kd5 Re5+ 48. Kd4 Re2 49. Rb7 Rxf2 50. Ke3 Rf1 51. Rb4 Ra1 52. g4+ Ke5
53. Kxf3 Ra3+ 54. Ke2 Rh3 55. g5 Kf5 56. a5 Ra3 57. Rb7 h6 58. Rb5+ Ke4 59.
gxh6 Ra2+ 60. Kd1 Rh2 61. h5 Kd3 62. Rd5+ Kc4 63. h7 1-0

[Event "Dutch Open 2024"]
[Site "Velp, Netherlands"]
[Date "2024.07.25"]
[Round "3.1"]
[White "Hausrath, Daniel"]
[Black "De Boer, Eelke"]
[Result "1-0"]
[WhiteElo "2469"]
[BlackElo "2384"]
[PlyCount "89"]
[[Date "2024.08.01"]]

1. Nf3 Nf6 2. g3 g6 3. Bg2 Bg7 4. O-O O-O 5. d4 d5 6. c3 a5 7. a4 Nbd7 8. Na3
c6 9. c4 Re8 10. cxd5 Nxd5 11. e4 Nb4 12. Bf4 Nf8 13. Qd2 Bg4 14. Ne5 Be6 15.
h4 Nd7 16. Nf3 Nb6 17. Rfc1 Nxa4 18. Nc2 Nxc2 19. Qxc2 Nb6 20. d5 Nxd5 21. exd5
Bxd5 22. Re1 e5 23. Bg5 f6 24. Be3 e4 25. Nd4 f5 26. Ne2 Qe7 27. Bd2 Qc7 28.
Nf4 Bf7 29. Bf1 Qb6 30. Bc4 Re7 31. Ra2 Bd4 32. Be3 Qb4 33. Bxf7+ Kxf7 34. Rd1
Bxe3 35. fxe3 h6 36. Ra4 Qb6 37. Rad4 g5 38. hxg5 hxg5 39. Qc4+ Kg7 40. Qc3 Kf7
41. Qc4+ Kg7 42. Ne6+ Kf6 43. Nc5 Rae8 44. Rd6+ Kg7 45. Qd4+ 1-0

[Event "Dutch Open 2024"]
[Site "Velp, Netherlands"]
[Date "2024.07.25"]
[Round "3.2"]
[White "Slagboom, Leandro"]
[Black "Leenhouts, Koen"]
[Result "1/2-1/2"]
[WhiteElo "2331"]
[BlackElo "2454"]
[PlyCount "60"]
[[Date "2024.08.01"]]

1. d4 Nf6 2. c4 e6 3. Nc3 Bb4 4. e3 c5 5. Nge2 cxd4 6. exd4 d5 7. c5 Ne4 8. Bd2
Nxd2 9. Qxd2 O-O 10. a3 Bxc3 11. Nxc3 Nc6 12. Be2 e5 13. dxe5 d4 14. Nb5 Qe7
15. Nxd4 Qxe5 16. Nxc6 bxc6 17. O-O Qxc5 18. Bf3 Qb6 19. Rfc1 Bb7 20. Qb4 Rac8
21. Rc5 Qxb4 22. axb4 a6 23. Kf1 Rfd8 24. Be2 Rd2 25. Bxa6 Bxa6+ 26. Rxa6 Rxb2
27. Raxc6 Rb1+ 28. Ke2 Re8+ 29. Kf3 Rxb4 30. Rc8 Kf8 1/2-1/2

[Event "Dutch Open 2024"]
[Site "Velp, Netherlands"]
[Date "2024.07.25"]
[Round "3.3"]
[White "De Winter, Arthur"]
[Black "Baselmans, Luuk"]
[Result "1-0"]
[WhiteElo "2411"]
[BlackElo "2345"]
[PlyCount "61"]
[[Date "2024.08.01"]]

1. e4 c5 2. Nf3 Nc6 3. Bb5 e6 4. Bxc6 bxc6 5. d3 Qc7 6. Qe2 Ne7 7. h4 Ng6 8. h5
Nf4 9. Qd2 e5 10. Qc3 f6 11. Bxf4 exf4 12. h6 gxh6 13. Qxf6 Rg8 14. e5 d6 15.
exd6 Qg7 16. Qxf4 Be6 17. Nc3 O-O-O 18. O-O-O Bxd6 19. Qa4 Qb7 20. Ne4 Bf8 21.
Rde1 Bd5 22. g3 Bg7 23. b3 c4 24. bxc4 Bxe4 25. Rxe4 Rgf8 26. Ne5 Bxe5 27. Rxe5
Rxf2 28. Rxh6 Rf1+ 29. Kd2 Rxd3+ 30. Kxd3 Qd7+ 31. Rd5 1-0

[Event "Dutch Open 2024"]
[Site "Velp, Netherlands"]
[Date "2024.07.25"]
[Round "3.4"]
[White "Beerdsen, Thomas"]
[Black "Kazarjan, Gachatur"]
[Result "1-0"]
[WhiteElo "2510"]
[BlackElo "2174"]
[PlyCount "81"]
[[Date "2024.08.01"]]

1. d4 d5 2. Nc3 Nf6 3. Bf4 a6 4. e3 c5 5. dxc5 Nc6 6. a3 Bf5 7. Nf3 e6 8. b4
Ne4 9. Nxe4 Bxe4 10. Be2 Be7 11. O-O O-O 12. Nd4 Qd7 13. Bd3 Rfd8 14. c3 Bf6
15. Bd6 Bxd3 16. Qxd3 Ne5 17. Bxe5 Bxe5 18. a4 Qc7 19. g3 g6 20. a5 Kg7 21. Kg2
Bf6 22. Nf3 Qc6 23. Rfe1 Rd7 24. Rac1 Rad8 25. Nd4 Qc7 26. Qc2 e5 27. Nf3 Qc6
28. e4 d4 29. cxd4 exd4 30. Qd3 Re8 31. Kg1 Rde7 32. Nd2 Kg8 33. f3 Bg5 34. f4
Bf6 35. e5 Bxe5 36. Rxe5 Rxe5 37. fxe5 Rxe5 38. Rf1 Qd5 39. Qf3 Qd7 40. Ne4 Qe6
41. Nd6 1-0

[Event "Dutch Open 2024"]
[Site "Velp, Netherlands"]
[Date "2024.07.25"]
[Round "3.5"]
[White "Van Foreest, Machteld"]
[Black "Buckels, Valentin"]
[Result "1/2-1/2"]
[WhiteElo "2272"]
[BlackElo "2478"]
[PlyCount "113"]
[[Date "2024.08.01"]]

1. e4 e6 2. d4 d5 3. Nc3 Bb4 4. exd5 exd5 5. Bd3 Nf6 6. a3 Bd6 7. Bg5 Be6 8.
Nge2 h6 9. Bxf6 Qxf6 10. Nb5 Qd8 11. Nxd6+ Qxd6 12. Qd2 Nc6 13. O-O h5 14. Qg5
Qe7 15. Qxe7+ Kxe7 16. f4 h4 17. f5 Bd7 18. Rae1 Kd6 19. c4 dxc4 20. Bxc4 f6
21. Nc3 Nxd4 22. Ne4+ Kc6 23. Rd1 Nxf5 24. Rd3 Nd6 25. Bd5+ Kb6 26. Rb3+ Nb5
27. a4 a6 28. axb5 axb5 29. Rc1 Rh5 30. Rd3 Be8 31. b4 c6 32. Nc3 Re5 33. Bf3
Re6 34. Rd4 g5 35. Ne4 Kc7 36. Bg4 f5 37. Bxf5 Re5 38. Bg4 Rd8 39. Rxd8 Kxd8
40. Nc5 b6 41. Rd1+ Ke7 42. Nd3 Re4 43. Bf3 Rd4 44. Re1+ Kf8 45. Ne5 c5 46. Bc6
Bxc6 47. Nxc6 Rd2 48. Ne5 Rd4 49. Nc6 Rd2 50. Na7 cxb4 51. Rb1 g4 52. g3 h3 53.
Nxb5 Rg2+ 54. Kh1 Rd2 55. Kg1 Rg2+ 56. Kh1 Rd2 57. Kg1 1/2-1/2

[Event "Dutch Open 2024"]
[Site "Velp, Netherlands"]
[Date "2024.07.25"]
[Round "3.6"]
[White "Maatman, Nick"]
[Black "Labruyere, Roger"]
[Result "1/2-1/2"]
[WhiteElo "2383"]
[BlackElo "2170"]
[PlyCount "153"]
[[Date "2024.08.01"]]

1. e4 c5 2. Nf3 d6 3. d4 cxd4 4. Nxd4 Nf6 5. Nc3 a6 6. Be3 e5 7. Nf3 Be7 8. Bc4
O-O 9. Bb3 Nbd7 10. Nd2 b5 11. a4 Bb7 12. axb5 axb5 13. O-O Rxa1 14. Qxa1 b4
15. Nd5 Nxd5 16. exd5 Nf6 17. Qa4 Nxd5 18. Bxd5 Bxd5 19. Qxb4 Qa8 20. f3 Rb8
21. Qc3 Be6 22. b3 Rc8 23. Qb2 f5 24. c4 Bf6 25. f4 Qb7 26. Rb1 h6 27. Qa3 Qc6
28. Qa4 Qxa4 29. bxa4 Bxc4 30. Rc1 Ba6 31. Rxc8+ Bxc8 32. Nc4 exf4 33. Nxd6 Bd7
34. Bxf4 g5 35. Bd2 Bd4+ 36. Kf1 Be5 37. Bb4 Bxh2 38. a5 Be5 39. Bc5 Kg7 40.
Kf2 f4 41. a6 Bxd6 42. Bxd6 Bc6 43. a7 Kg6 44. Bf8 h5 45. Be7 Kf5 46. Bd8 Ba8
47. Be7 Kg4 48. Bd8 Bb7 49. Be7 h4 50. Bd8 Kh5 51. Bc7 Ba8 52. Bd6 Kg6 53. Be7
Kh6 54. Bd8 Bb7 55. Be7 Bc6 56. Bd8 Kh5 57. Bc7 Bd5 58. Bd6 Bc6 59. Bc7 Kg4 60.
Bd8 f3 61. gxf3+ Bxf3 62. Be7 Bb7 63. Bd8 Ba8 64. Be7 Kf4 65. Bd8 Kf5 66. Be7
Kg6 67. Bd8 Kh5 68. Be7 g4 69. Bd6 Kg6 70. Bc7 Kf5 71. Bd6 Ke6 72. Bc7 Kd7 73.
Bf4 Kc8 74. Bg3 hxg3+ 75. Kxg3 Bf3 76. a8=Q+ Bxa8 77. Kxg4 1/2-1/2

[Event "Dutch Open 2024"]
[Site "Velp, Netherlands"]
[Date "2024.07.25"]
[Round "3.7"]
[White "Panjer, Sidney"]
[Black "Aarav Sarbalia"]
[Result "1-0"]
[WhiteElo "2204"]
[BlackElo "2042"]
[PlyCount "171"]
[[Date "2024.08.01"]]

1. Nf3 d5 2. d4 Nf6 3. c4 e6 4. g3 Be7 5. Bg2 O-O 6. Nc3 b6 7. cxd5 exd5 8. O-O
Ne4 9. Ne5 Bb7 10. Qb3 Nxc3 11. bxc3 a5 12. a4 Bf6 13. Rd1 Re8 14. e4 Bxe5 15.
dxe5 Nd7 16. exd5 Nxe5 17. Bf4 Ng6 18. Be3 Ne5 19. c4 Qd6 20. Rac1 Nd7 21. c5
Rxe3 22. Qxe3 Nxc5 23. Rc4 Rd8 24. Rcd4 Bc8 25. Bf1 Bd7 26. Bb5 Re8 27. Qc3
Bxb5 28. axb5 Qe7 29. Qf3 Qd6 30. Kg2 Re7 31. h4 h6 32. Rf4 a4 33. Qg4 Re8 34.
Qf5 Re7 35. Qc8+ Kh7 36. Qf5+ Kg8 37. Qc8+ Kh7 38. Qf8 Nd7 39. Qd8 Nc5 40. Qf8
Nd7 41. Qa8 Nc5 42. Rf3 Qd7 43. Qf8 Nb3 44. h5 Nc5 45. Rd4 a3 46. d6 cxd6 47.
Qa8 Qxb5 48. Rxd6 Nb7 49. Rd1 Qxh5 50. Qxa3 Nc5 51. Qb4 Qg6 52. Qc4 Ne4 53. Qd3
Ng5 54. Qxg6+ Kxg6 55. Rd6+ Re6 56. Rxe6+ Nxe6 57. Rb3 Kf6 58. Rxb6 h5 59. Kf3
g6 60. Ke4 Kg7 61. Ke5 Nc5 62. Kd5 Nd3 63. f3 Nf2 64. Rb2 Nh3 65. f4 g5 66. Ke4
g4 67. Kf5 Kh6 68. Rb6+ Kg7 69. Rb2 Kh6 70. Kf6 h4 71. Kf5 hxg3 72. Kxg4 Nf2+
73. Kxg3 Ne4+ 74. Kg4 Kg6 75. f5+ Kg7 76. Kf4 Nf6 77. Rg2+ Kf8 78. Ke5 Ke7 79.
Ra2 Nd7+ 80. Kf4 Nf6 81. Ra7+ Kf8 82. Ra6 Kg7 83. Rc6 Nh7 84. Ke5 Nf8 85. Rc7
Nh7 86. Rc1 1-0

[Event "Dutch Open 2024"]
[Site "Velp, Netherlands"]
[Date "2024.07.25"]
[Round "3.8"]
[White "Aravindhan, Achyuth"]
[Black "Stillger, Bernhard"]
[Result "1/2-1/2"]
[WhiteElo "2094"]
[BlackElo "2263"]
[PlyCount "37"]
[[Date "2024.08.01"]]

1. e4 e5 2. Nf3 Nc6 3. Bc4 Bc5 4. c3 Nf6 5. d4 exd4 6. e5 d5 7. Bb5 Ne4 8. cxd4
Bb6 9. Nc3 O-O 10. Be3 Bg4 11. h3 Bh5 12. Qc2 f5 13. Nxd5 Ba5+ 14. Ke2 Nxd4+
15. Bxd4 Nd2 16. Qc5 Ne4 17. Qc2 Nd2 18. Qc5 Ne4 19. Qc2 1/2-1/2

[Event "Dutch Open 2024"]
[Site "Velp, Netherlands"]
[Date "2024.07.25"]
[Round "3.9"]
[White "Bus, Tom"]
[Black "Grooten, Herman"]
[Result "0-1"]
[WhiteElo "2082"]
[BlackElo "2211"]
[PlyCount "80"]
[[Date "2024.08.01"]]

1. Nf3 Nf6 2. d4 e6 3. c4 b6 4. g3 Ba6 5. Nbd2 d5 6. Bg2 Be7 7. O-O O-O 8. Ne5
Bb7 9. Qc2 c5 10. dxc5 bxc5 11. cxd5 exd5 12. b3 Re8 13. Bb2 Bd6 14. Ndf3 Na6
15. Nxf7 Kxf7 16. Ng5+ Kg8 17. Bxf6 Qxf6 18. Qxh7+ Kf8 19. h4 Nc7 20. Rad1 g6
21. Rd3 Re5 22. Rf3 Rf5 23. Qd7 Kg8 24. Qh7+ Kf8 25. Qd7 Rxf3 26. Nh7+ Kg8 27.
Nxf6+ Rxf6 28. Rd1 Raf8 29. f4 Bc8 30. Qa4 d4 31. Kh2 Bg4 32. Rd2 Rxf4 33. Qxa7
Rf2 34. Qa4 Be6 35. Qc6 Be5 36. Qxc5 Bd5 37. e4 Rxd2 38. exd5 Rff2 39. d6 Rxg2+
40. Kh3 Rxg3# 0-1

[Event "Dutch Open 2024"]
[Site "Velp, Netherlands"]
[Date "2024.07.25"]
[Round "3.10"]
[White "Hng, Mei-Xian Eunice"]
[Black "Ritzerveld, Noah"]
[Result "1/2-1/2"]
[WhiteElo "2036"]
[BlackElo "2181"]
[PlyCount "70"]
[[Date "2024.08.01"]]

1. Nf3 d5 2. c4 c6 3. d4 Nf6 4. cxd5 cxd5 5. Nc3 Nc6 6. Bf4 a6 7. e3 Bg4 8. Be2
e6 9. h3 Bh5 10. O-O Bd6 11. Bxd6 Qxd6 12. a3 O-O 13. Rc1 Rfc8 14. Qd2 Na5 15.
Na4 Nb3 16. Rxc8+ Rxc8 17. Qd1 Nc1 18. Nc5 Nxe2+ 19. Qxe2 Ne4 20. g4 Bg6 21.
Nxb7 Qb6 22. Nc5 Nxc5 23. Rc1 a5 24. Ne5 Rc7 25. dxc5 Rxc5 26. Rxc5 Qxc5 27.
Nxg6 hxg6 28. Qd2 e5 29. b4 axb4 30. Qxb4 Qc1+ 31. Kg2 d4 32. exd4 exd4 33.
Qxd4 Qxa3 34. Qd8+ Kh7 35. Qh4+ Kg8 1/2-1/2

[Event "Dutch Open 2024"]
[Site "Velp, Netherlands"]
[Date "2024.07.25"]
[Round "3.11"]
[White "Bakija, Alan"]
[Black "Zwirs, Jasper"]
[Result "0-1"]
[WhiteElo "2171"]
[BlackElo "2088"]
[PlyCount "120"]
[[Date "2024.08.01"]]

1. Nf3 d5 2. g3 Nd7 3. d4 Nb6 4. Bg2 Bf5 5. O-O e6 6. Nbd2 Be7 7. c4 c6 8. b3
h6 9. Bb2 Nf6 10. Rc1 O-O 11. Ne5 Bh7 12. e3 a5 13. a3 Nbd7 14. Qe2 Re8 15.
Rfd1 Qb6 16. Nxd7 Nxd7 17. e4 dxe4 18. Bxe4 Bxe4 19. Qxe4 Nf6 20. Qc2 Rad8 21.
Nf3 c5 22. Rd3 cxd4 23. c5 Qc6 24. Nxd4 Qe4 25. Re3 Qxc2 26. Rxc2 Nd5 27. Re1
Rc8 28. Rec1 Bg5 29. f4 Be7 30. Kf2 Bf6 31. Nb5 Bxb2 32. Rxb2 Red8 33. Rc4 Kf8
34. Rbc2 Rc6 35. Nd4 Ra6 36. Kf3 g6 37. Re2 Nf6 38. g4 Rd5 39. h3 Ra8 40. Re5
Rad8 41. Rxd5 Nxd5 42. Nb5 Ke7 43. Rd4 g5 44. f5 Rc8 45. b4 axb4 46. axb4 Ra8
47. Ke4 Ra4 48. Nd6 Ra3 49. Rxd5 exd5+ 50. Kxd5 Rd3+ 51. Kc4 Rxh3 52. Nxb7 h5
53. c6 hxg4 54. f6+ Ke6 55. b5 g3 56. Nd8+ Kd6 57. b6 g2 58. b7 Kc7 59. Ne6+
fxe6 60. f7 Rh8 0-1

[Event "Dutch Open 2024"]
[Site "Velp, Netherlands"]
[Date "2024.07.25"]
[Round "3.12"]
[White "Vos, Tjark"]
[Black "Smid, Jelle"]
[Result "0-1"]
[WhiteElo "2170"]
[BlackElo "2080"]
[PlyCount "80"]
[[Date "2024.08.01"]]

1. e4 c6 2. Nc3 d5 3. Qf3 dxe4 4. Nxe4 Nf6 5. Bc4 Nbd7 6. d4 Nb6 7. Bd3 Nbd5 8.
a3 Bg4 9. Qg3 Bh5 10. Qh4 Nxe4 11. Qxh5 Ndf6 12. Qe5 Nxf2 13. Nh3 Nxh1 14. Bf4
Nd5 15. Bd2 Qd6 16. O-O-O Qxe5 17. dxe5 e6 18. Rxh1 Bc5 19. Re1 Rd8 20. c4 Ne7
21. Kc2 O-O 22. Ng5 Ng6 23. g3 Rd7 24. Nf3 Rfd8 25. Bf1 Ne7 26. b4 Bd4 27. c5
b6 28. cxb6 Bxb6 29. Re4 Nf5 30. Bg5 Rc8 31. Ba6 Rcc7 32. Kc3 c5 33. b5 h6 34.
Bc1 c4 35. Nd2 Ba5+ 36. Kc2 Nd4+ 37. Kb1 c3 38. Nf1 Nb3 39. Kc2 Nxc1 40. Kxc1
c2 0-1

[Event "Dutch Open 2024"]
[Site "Velp, Netherlands"]
[Date "2024.07.25"]
[Round "3.13"]
[White "Koster, Chiel"]
[Black "Shakhverdian, William"]
[Result "0-1"]
[WhiteElo "2058"]
[BlackElo "2157"]
[PlyCount "110"]
[[Date "2024.08.01"]]

1. d4 Nf6 2. Nf3 g6 3. g3 Bg7 4. Bg2 O-O 5. c4 d6 6. O-O c5 7. Nc3 Nc6 8. d5
Na5 9. Nd2 e6 10. e4 exd5 11. cxd5 a6 12. Rb1 b5 13. b4 cxb4 14. Rxb4 Nd7 15.
Ne2 Ne5 16. Nb3 Bd7 17. Nbd4 Nec4 18. Kh1 Re8 19. f4 Bg4 20. h3 Bxd4 21. hxg4
Bc5 22. Rb1 Ne3 23. Bxe3 Bxe3 24. a4 Nc4 25. Qd3 Qd7 26. Rf3 Bc5 27. Bh3 h5 28.
f5 Ne5 29. Qd2 Nxf3 30. Qh6 Qe7 31. fxg6 fxg6 32. gxh5 Qg5 33. Be6+ Rxe6 34.
Qxg5 Nxg5 35. dxe6 b4 36. Nf4 gxh5 37. e7 Re8 38. Nd5 Kg7 39. Re1 Bd4 40. Nxb4
Bc3 41. Rb1 Bxb4 42. Rxb4 Rxe7 43. Rb6 Nxe4 44. Rxa6 Nxg3+ 45. Kg2 Nf5 46. Kf3
Kf6 47. Kf4 Rb7 48. Ra8 Rb4+ 49. Kf3 h4 50. a5 Nd4+ 51. Kg2 Nc6 52. Ra6 Rc4 53.
Ra8 Ke6 54. a6 Ra4 55. Kh3 Kd7 0-1

[Event "Dutch Open 2024"]
[Site "Velp, Netherlands"]
[Date "2024.07.25"]
[Round "3.14"]
[White "Van Rootselaar, Rik"]
[Black "Saketh, Pedagandham"]
[Result "1/2-1/2"]
[WhiteElo "2152"]
[BlackElo "2051"]
[PlyCount "26"]
[[Date "2024.08.01"]]

1. d4 Nf6 2. c4 e6 3. Nf3 Bb4+ 4. Bd2 Bxd2+ 5. Qxd2 b6 6. g3 Bb7 7. Bg2 O-O 8.
O-O d6 9. Nc3 Ne4 10. Nxe4 Bxe4 11. Rfd1 Nd7 12. Qf4 Nf6 13. Nh4 Bxg2 1/2-1/2

[Event "Dutch Open 2024"]
[Site "Velp, Netherlands"]
[Date "2024.07.25"]
[Round "3.15"]
[White "Van de Pavoordt, Max"]
[Black "Grooten, Tommy"]
[Result "1/2-1/2"]
[WhiteElo "2044"]
[BlackElo "2146"]
[PlyCount "44"]
[[Date "2024.08.01"]]

1. c4 c5 2. Nf3 Nf6 3. Nc3 b6 4. g3 Bb7 5. Bg2 g6 6. O-O Bg7 7. Re1 O-O 8. e4
d6 9. d4 cxd4 10. Nxd4 Nbd7 11. b3 Qb8 12. Bb2 a6 13. Rc1 e6 14. Rc2 Rc8 15.
Rd2 Ne8 16. a4 Ra7 17. f4 Ba8 18. Rf2 Nf8 19. f5 h5 20. fxe6 Nxe6 21. Nd5 h4
22. gxh4 Bxd5 1/2-1/2

[Event "Dutch Open 2024"]
[Site "Velp, Netherlands"]
[Date "2024.07.25"]
[Round "3.16"]
[White "Smit, Manuel"]
[Black "Schroeder, Lennart"]
[Result "1/2-1/2"]
[WhiteElo "1969"]
[BlackElo "2146"]
[PlyCount "111"]
[[Date "2024.08.01"]]

1. e4 c5 2. Nc3 Nc6 3. g3 g6 4. Bg2 Bg7 5. d3 d6 6. f4 e6 7. Nf3 Nge7 8. O-O
O-O 9. Bd2 Rb8 10. a4 a6 11. Kh1 b5 12. axb5 axb5 13. Qc1 b4 14. Ne2 Bb7 15. g4
f5 16. h3 Qd7 17. Ng3 Ra8 18. Rxa8 Bxa8 19. Kh2 Kh8 20. Ng5 h6 21. Nf3 Kh7 22.
gxf5 exf5 23. h4 Qe8 24. Bh3 Nd4 25. Nxd4 Bxd4 26. c3 bxc3 27. bxc3 Bg7 28. Re1
Qf7 29. Qd1 fxe4 30. dxe4 Qf6 31. Qg4 Bb7 32. h5 Bc8 33. hxg6+ Qxg6 34. Qxg6+
Kxg6 35. Rg1 Kf7 36. Nh5 Bh8 37. f5 Be5+ 38. Bf4 Bxf4+ 39. Nxf4 Bb7 40. Ne6 Rg8
41. Rxg8 Kxg8 42. e5 dxe5 43. Nxc5 Bd5 44. Kg3 Kf7 45. Nd7 Nc6 46. Kh4 Ke7 47.
f6+ Kd6 48. Kh5 e4 49. Kxh6 e3 50. Bg4 Be6 51. f7 Bxf7 52. Nf6 Ke5 53. Kg5 Nd8
54. Nd7+ Ke4 55. Nc5+ Kd5 56. Kf4 1/2-1/2

[Event "Dutch Open 2024"]
[Site "Velp, Netherlands"]
[Date "2024.07.25"]
[Round "3.17"]
[White "Hng, Mei-En Emmanuelle"]
[Black "Schuricht, Emil Frederick"]
[Result "0-1"]
[WhiteElo "2144"]
[BlackElo "1973"]
[PlyCount "98"]
[[Date "2024.08.01"]]

1. e4 c6 2. d4 d5 3. e5 Bf5 4. h4 h5 5. c4 e6 6. Nc3 Ne7 7. Bg5 Qb6 8. Qd2 Nd7
9. c5 Qc7 10. Nge2 f6 11. exf6 gxf6 12. Be3 e5 13. Ng3 Bg6 14. Bd3 O-O-O 15.
Nce2 exd4 16. Bxd4 Bh6 17. Qc3 Bxd3 18. Qxd3 Qa5+ 19. Qc3 Qxc3+ 20. Nxc3 Bf4
21. Nce2 Be5 22. Rc1 Rdg8 23. Bxe5 fxe5 24. f3 Kc7 25. Kf2 Rh7 26. Rh2 Rf8 27.
Ng1 Rf4 28. b3 Rd4 29. Rc2 Rb4 30. Nf1 Nf5 31. g3 Nd4 32. Rc3 Rb5 33. Nh3 Ra5
34. Kg1 Rxc5 35. Rxc5 Nxf3+ 36. Kg2 Nxh2 37. Rc1 Ng4 38. Ng5 Re7 39. Re1 e4 40.
Ne3 Nxe3+ 41. Rxe3 Nf6 42. Re1 d4 43. Kf2 c5 44. Ke2 Ng4 45. Rf1 e3 46. Rf5 Nf2
47. Nf3 d3+ 48. Ke1 Rd7 49. Rxc5+ Kb6 0-1

[Event "Dutch Open 2024"]
[Site "Velp, Netherlands"]
[Date "2024.07.25"]
[Round "3.18"]
[White "Dordevic, Tom"]
[Black "Blok, Xaveer"]
[Result "1-0"]
[WhiteElo "2133"]
[BlackElo "1885"]
[PlyCount "31"]
[[Date "2024.08.01"]]

1. d4 d5 2. c4 e6 3. Nf3 Nf6 4. g3 Be7 5. Bg2 O-O 6. O-O dxc4 7. Qc2 a6 8. a4
Bd7 9. Rd1 Bc6 10. Nc3 Nd5 11. e4 Nxc3 12. bxc3 b5 13. d5 exd5 14. exd5 Bd7 15.
axb5 Bxb5 16. Nd4 1-0

[Event "Dutch Open 2024"]
[Site "Velp, Netherlands"]
[Date "2024.07.25"]
[Round "3.19"]
[White "Krylov, Philippe"]
[Black "Weidemann, Jakob"]
[Result "0-1"]
[WhiteElo "1974"]
[BlackElo "2142"]
[PlyCount "66"]
[[Date "2024.08.01"]]

1. d4 Nf6 2. c4 e6 3. Nc3 Bb4 4. f3 d5 5. a3 Bxc3+ 6. bxc3 c5 7. cxd5 exd5 8.
e3 O-O 9. Bd3 b6 10. Ne2 Ba6 11. O-O Bxd3 12. Qxd3 Re8 13. Ng3 Nc6 14. Bb2 h5
15. Rad1 h4 16. Nh1 c4 17. Qe2 b5 18. Nf2 a5 19. e4 b4 20. e5 bxc3 21. Bxc3 Rb8
22. Qd2 Nh7 23. Rb1 Qg5 24. f4 Qf5 25. Rxb8 Rxb8 26. Bxa5 Nf8 27. g3 hxg3 28.
hxg3 Ne6 29. Bc3 Rb3 30. Kg2 Qg6 31. g4 Qh6 32. Nd1 Ncxd4 33. Bxd4 Qh3+ 0-1

[Event "Dutch Open 2024"]
[Site "Velp, Netherlands"]
[Date "2024.07.25"]
[Round "3.20"]
[White "Kurt, Sascha"]
[Black "Goudriaan, Rafael"]
[Result "1/2-1/2"]
[WhiteElo "2071"]
[BlackElo "2028"]
[PlyCount "44"]
[[Date "2024.08.01"]]

1. e4 e5 2. Nf3 Nc6 3. Bc4 Bc5 4. d4 exd4 5. Ng5 Nh6 6. Nxf7 Nxf7 7. Bxf7+ Kxf7
8. Qh5+ g6 9. Qxc5 d6 10. Qc4+ Be6 11. Qe2 Qh4 12. O-O Ke7 13. f4 Kd7 14. Nd2
Rae8 15. Nf3 Qh5 16. Qd3 Qc5 17. b3 Bg4 18. Bb2 Bxf3 19. Rxf3 Nb4 20. Qxd4
Qxd4+ 21. Bxd4 Rhf8 22. Bc3 Rxe4 1/2-1/2

[Event "Dutch Open 2024"]
[Site "Velp, Netherlands"]
[Date "2024.07.25"]
[Round "3.21"]
[White "Zecha, Oscar"]
[Black "Wink, Luka"]
[Result "1/2-1/2"]
[WhiteElo "1999"]
[BlackElo "2066"]
[PlyCount "80"]
[[Date "2024.08.01"]]

1. e4 c5 2. Nf3 e6 3. d4 cxd4 4. Nxd4 Nf6 5. Nc3 Nc6 6. Ndb5 d6 7. Bf4 e5 8.
Bg5 a6 9. Na3 b5 10. Nd5 Be7 11. Bxf6 Bxf6 12. c4 b4 13. Nc2 O-O 14. g3 a5 15.
Bg2 Be6 16. O-O Bg5 17. f4 exf4 18. gxf4 Bh6 19. Kh1 Rc8 20. Nce3 g6 21. Qe1
Bg7 22. f5 Bxd5 23. Nxd5 Be5 24. f6 Nd4 25. Qd2 Kh8 26. Qh6 Rg8 27. Ne7 Rxc4
28. Nxg8 Qxg8 29. Rac1 Rxc1 30. Rxc1 Ne6 31. Rc2 Bxf6 32. Qc1 Nc5 33. Qf1 Be5
34. b3 Kg7 35. Rf2 Qe8 36. Qc4 Qe7 37. Bh3 Bf6 38. Bg2 h5 39. Qd5 Be5 40. Bh3
Bf6 1/2-1/2

[Event "Dutch Open 2024"]
[Site "Velp, Netherlands"]
[Date "2024.07.25"]
[Round "3.22"]
[White "Op den Dries, Johan"]
[Black "Odendahl, Reiner"]
[Result "0-1"]
[WhiteElo "2120"]
[BlackElo "2274"]
[PlyCount "74"]
[[Date "2024.08.01"]]

1. e4 c5 2. Nc3 e6 3. f4 d5 4. Bb5+ Bd7 5. Bxd7+ Qxd7 6. d3 Nc6 7. Nf3 Nf6 8.
e5 Ng8 9. O-O Nge7 10. a4 Nf5 11. Bd2 Be7 12. a5 h5 13. Ne2 g6 14. Qb1 Kf8 15.
Qa2 Kg7 16. Qa4 Rab8 17. c3 b5 18. axb6 Rxb6 19. Rfb1 Qb7 20. Ra2 Rc8 21. Kh1
Rc7 22. d4 cxd4 23. Nfxd4 Ncxd4 24. Nxd4 Nxd4 25. Qxd4 Rc4 26. Qd3 Rb3 27. f5
exf5 28. e6 fxe6 29. Qe3 f4 30. Qe5+ Bf6 31. Qxe6 Re4 32. Qh3 d4 33. Rd1 Re7
34. Qd3 Rxb2 35. Ra6 Qe4 36. Qxe4 Rxe4 37. Rxa7+ Kh6 0-1

[Event "Dutch Open 2024"]
[Site "Velp, Netherlands"]
[Date "2024.07.25"]
[Round "3.23"]
[White "Evengroen, Jan"]
[Black "Gortemaker, Lucas"]
[Result "0-1"]
[WhiteElo "2176"]
[BlackElo "2097"]
[PlyCount "120"]
[[Date "2024.08.01"]]

1. e4 c6 2. d4 d5 3. exd5 cxd5 4. Bd3 Nf6 5. h3 g6 6. Nf3 Nc6 7. c3 Bf5 8. Be2
Bg7 9. O-O O-O 10. Re1 Ne4 11. Nbd2 Nxd2 12. Qxd2 Rb8 13. Qg5 b5 14. Bf4 Rb7
15. b4 a5 16. a3 Qb6 17. Qg3 Ra8 18. Nd2 Rba7 19. Nb3 Bc2 20. bxa5 Nxa5 21. Nc5
Nc4 22. Bf3 e5 23. Bxe5 Bxe5 24. Rxe5 Nxe5 25. Qxe5 Be4 26. Bxe4 dxe4 27. Nxe4
Qe6 28. Qxe6 fxe6 29. Rb1 Rxa3 30. Rxb5 R8a5 31. Rb7 Ra7 32. Rxa7 Rxa7 33. Kh2
Kf7 34. Kg3 h6 35. Kf4 Ra5 36. Ke3 e5 37. Nc5 Ke7 38. Nd3 exd4+ 39. cxd4 Ra3
40. Ke4 Kf6 41. h4 Ra2 42. g3 Re2+ 43. Kf3 Ra2 44. Ne5 h5 45. Ke3 Kf5 46. Nd3
Ra3 47. f3 Ra2 48. d5 Ra4 49. Nc5 Rc4 50. Ne4 Rc1 51. Kd4 Rd1+ 52. Kc5 Ke5 53.
Nc3 Rd3 54. f4+ Kf5 55. Nb5 Rxg3 56. Nd4+ Ke4 57. Nb5 Rd3 58. d6 Kxf4 59. Nd4
Ke5 60. Nb5 Rd5+ 0-1

[Event "Dutch Open 2024"]
[Site "Velp, Netherlands"]
[Date "2024.07.25"]
[Round "3.24"]
[White "Vosselman, Jan"]
[Black "Van Kuijk, Vadim"]
[Result "0-1"]
[WhiteElo "2094"]
[BlackElo "2131"]
[PlyCount "60"]
[[Date "2024.08.01"]]

1. d4 d5 2. c4 c6 3. Nc3 Nf6 4. Nf3 e6 5. e3 Nbd7 6. b3 Bb4 7. Bd2 Qe7 8. Be2
O-O 9. O-O b6 10. Ne5 Nxe5 11. dxe5 Nd7 12. f4 f6 13. exf6 Nxf6 14. Bd3 e5 15.
Ne2 Bc5 16. b4 Bxb4 17. Bxb4 Qxb4 18. fxe5 Ng4 19. cxd5 Nxe3 20. Rxf8+ Qxf8 21.
Qc1 Ng4 22. Qxc6 Bd7 23. Qd6 Qf2+ 24. Kh1 Rf8 25. Ng3 Qd4 26. Bxh7+ Kxh7 27.
Qxf8 Nf2+ 28. Kg1 Ne4+ 29. Kh1 Qxa1+ 30. Nf1 Nf6 0-1